Les pays enclavés d'Asie sur une carte - Statistiques

Statistiques générales
  • Ce quiz a été pris 87 fois
  • Le résultat moyen est 10 sur 12
Réponses sur la Carte
Les réponses sont colorées sur une échelle allant du rouge au vert en fonction du pourcentage des utilisateurs qui les ont devinées à leur premier essai. Vous pouvez retrouver ces pourcentages ci-dessous.
 
Statistiques - réponses
Réponse % Correct
Laos
97%
Kazakhstan
96%
Mongolie
96%
Népal
92%
Arménie
90%
Afghanistan
88%
Bhoutan
88%
Kirghizistan
82%
Azerbaidjan
79%
Ouzbékistan
74%
Turkménistan
65%
Tadjikistan
61%
Aucun quiz correspondant
Distribution des résultats
% des personnes avec chaque résultat
Percentile par nombre de réponses
Votre historique - résultats
Vous n’avez pas pris ce quiz